Income-tax Ready Reckoner Assessment year 1981-82 (Record no. 807207)

MARC details
000 -LEADER
fixed length control field 00522nam a2200193Ia 4500
008 - FIXED-LENGTH DATA ELEMENTS--GENERAL INFORMATION
fixed length control field 101110s9999 xx 000 0 und d
041 ## - LANGUAGE CODE
Language code of text/sound track or separate title ENGLISH
082 ## - DEWEY DECIMAL CLASSIFICATION NUMBER
Item number SR12866
100 ## - MAIN ENTRY--PERSONAL NAME
Personal name Mehta V.G.
245 ## - TITLE STATEMENT
Title Income-tax Ready Reckoner Assessment year 1981-82
365 ## - TRADE PRICE
Price amount 44
520 ## - SUMMARY, ETC.
Summary, etc Commerce
546 ## - LANGUAGE NOTE
Language note ENGLISH
630 ## - SUBJECT ADDED ENTRY--UNIFORM TITLE
Uniform title Income-tax Ready Reckoner Assessment year 1981-82
650 ## - SUBJECT ADDED ENTRY--TOPICAL TERM
Topical term or geographic name as entry element Commerce
655 ## - INDEX TERM--GENRE/FORM
Genre/form data or focus term Commerce
730 ## - ADDED ENTRY--UNIFORM TITLE
Uniform title Income-tax Ready Reckoner Assessment year 1981-82
942 ## - ADDED ENTRY ELEMENTS (KOHA)
Koha item type Book
Holdings
Withdrawn status Lost status Damaged status Not for loan Home library Current library Shelving location Date acquired Cost, normal purchase price Shelving control number Total Checkouts Barcode Date last seen Price effective from Koha item type
        D. B. J. College, Chiplun D. B. J. College, Chiplun   11/11/2010 44.00     DBJSR12866 11/11/2010 11/11/2010 Book